[Event "Dresden ZMDI Blitz"]
[Site "Dresden"]
[Date "2011.08.10"]
[Round "5"]
[White "Urban, Thomas"]
[Black "Kluge, Juergen"]
[Result "1/2-1/2"]
[WhiteElo "1220"]
[BlackElo "1400"]
[PlyCount "43"]
[EventDate "2011.08.06"]
[EventType "swiss (blitz)"]
[EventRounds "9"]
[EventCountry "GER"]
[SourceTitle "EXT 2022"]
[Source "ChessBase"]
[SourceDate "2021.10.06"]
[SourceVersion "1"]
[SourceVersionDate "2021.10.06"]
[SourceQuality "1"]

1. e4 e6 2. d4 d5 3. Nd2 Nf6 4. e5 Nfd7 5. Bb5 a6 6. Ba4 c5 7. c3 Nc6 8. Ne2 Qb6 9. Bxc6 bxc6 10. b3 cxd4 11. cxd4 a5 12. Nf3 Ba6 13. 0-0 c5 14. Be3 Rc8 15. Rc1 c4 16. Rb1 c3 17. Qc2 Qc7 18. Rfc1 Bb4 19. Ra1 Ba3 20. Rd1 Bb2 21. Rab1 Nb6 22. Re1 1/2-1/2

[Event "Leipzig VfB op 16th"]
[Site "Leipzig"]
[Date "2009.04.03"]
[Round "6"]
[White "Urban, Thomas"]
[Black "Schomann, Michael"]
[Result "0-1"]
[WhiteElo "1180"]
[BlackElo "1787"]
[PlyCount "73"]
[EventDate "2009.03.31"]
[EventType "swiss"]
[EventRounds "9"]
[EventCountry "GER"]
[SourceTitle "EXT 2010"]
[Source "ChessBase"]
[SourceDate "2010.11.25"]
[SourceVersion "1"]
[SourceVersionDate "2010.11.25"]
[SourceQuality "1"]

1. e4 e5 2. Nf3 Nc6 3. d4 exd4 4. Nxd4 Nxd4 5. Qxd4 d6 6. Bc4 Nf6 7. 0-0 Be7 8. Nc3 0-0 9. Re1 Be6 10. Bg5 c5 11. Qd3 a6 12. Nd5 b5 13. Nxe7+ Qxe7 14. Bd5 Rad8 15. c4 b4 16. a4 h6 17. Bxf6 Qxf6 18. b3 Rfe8 19. Ra2 Re7 20. Rae2 Bxd5 21. Qxd5 Re5 22. Qc6 Rde8 23. f3 a5 24. Qa6 Rg5 25. Kf1 Qf4 26. Qxa5 Qxh2 27. g4 Qh3+ 28. Kf2 h5 29. Rg1 hxg4 30. Rxg4 Rxg4 31. fxg4 Qxg4 32. e5 Qf4+ 33. Ke1 Qh4+ 34. Kd2 Qd4+ 35. Ke1 dxe5 36. Qb5 Rd8 37. a5 0-1

[Event "Leipzig VfB op 16th"]
[Site "Leipzig"]
[Date "2009.03.31"]
[Round "1"]
[White "Didt, Hartmut"]
[Black "Urban, Thomas"]
[Result "1-0"]
[WhiteElo "1923"]
[BlackElo "1180"]
[PlyCount "44"]
[EventDate "2009.03.31"]
[EventType "swiss"]
[EventRounds "9"]
[EventCountry "GER"]
[SourceTitle "EXT 2010"]
[Source "ChessBase"]
[SourceDate "2010.11.25"]
[SourceVersion "1"]
[SourceVersionDate "2010.11.25"]
[SourceQuality "1"]

1. e4 c5 2. d4 cxd4 3. c3 dxc3 4. Nxc3 Nc6 5. Bc4 e6 6. Nf3 Nf6 7. 0-0 Bb4 8. Qe2 Bxc3 9. bxc3 d5 10. exd5 Nxd5 11. Rd1 Nce7 12. Bxd5 exd5 13. Ba3 Be6 14. c4 0-0 15. Bxe7 Qxe7 16. cxd5 Rac8 17. dxe6 f6 18. Rd7 Qc5 19. e7 Rfe8 20. Qe6+ Kh8 21. Rad1 Rc7 22. Rd8 Qxe7 1-0

[Event "Friedrichroda op 12th"]
[Site "Friedrichroda"]
[Date "2008.08.09"]
[Round "7"]
[White "Urban, Thomas"]
[Black "Maczollek, Helmut"]
[Result "1-0"]
[WhiteElo "1222"]
[BlackElo "1719"]
[PlyCount "164"]
[EventDate "2008.08.06"]
[EventType "swiss"]
[EventRounds "7"]
[EventCountry "GER"]
[SourceTitle "CBM 126 Extra"]
[Source "ChessBase"]
[SourceDate "2008.11.05"]
[SourceVersion "1"]
[SourceVersionDate "2008.11.05"]
[SourceQuality "1"]
[WhiteTeam "Attikis Aspropirgos (W)"]
[BlackTeam "Attikis Aspropirgos (W)"]
[WhiteTeamCountry "GRE"]
[BlackTeamCountry "GRE"]

1. e4 c6 2. d4 d5 3. Bd3 dxe4 4. Bxe4 Nf6 5. f3 e6 6. Be3 Be7 7. Ne2 Nbd7 8. Nd2 Nb6 9. 0-0 0-0 10. c4 Qc7 11. Bf4 Bd6 12. Bxd6 Qxd6 13. c5 Qd8 14. cxb6 Qxb6 15. Nc4 Qc7 16. Qc2 b5 17. Ne5 Nxe4 18. fxe4 Bb7 19. Qc5 f6 20. Nf3 Ba6 21. b4 Bb7 22. Rad1 a5 23. a3 axb4 24. axb4 Ra2 25. Rd2 Raa8 26. e5 Rad8 27. exf6 Rd5 28. Qe7 Qxe7 29. fxe7 Re8 30. Nf4 Rd6 31. Ne5 Rxe7 32. Nh5 Rd8 33. h4 Ra8 34. Rf4 Ra1+ 35. Kh2 Ra4 36. Nd3 Ra8 37. Nc5 Rd8 38. Re2 Rd5 39. Re5 Bc8 40. Rfe4 Rxe5 41. dxe5 Kf7 42. Rd4 Kg6 43. g4 Kf7 44. Nf4 h6 45. Rd6 g5 46. hxg5 hxg5 47. Nh5 Re8 48. Rxc6 Ke7 49. Ng7 Rh8+ 50. Kg3 Rd8 51. Ngxe6 Bxe6 52. Rxe6+ Kf7 53. Rf6+ Ke7 54. Rf5 Rd4 55. Na6 Rd3+ 56. Rf3 Rd5 57. Kf2 Rd4 58. Kg3 Ke6 59. Rf5 Rd3+ 60. Kf2 Ra3 61. Nc7+ Kd7 62. Nxb5 Rb3 63. Rxg5 Rxb4 64. Nd6 Ke6 65. Ke3 Rb3+ 66. Kf4 Rb4+ 67. Ne4 Kd5 68. e6+ Kxe6 69. Re5+ Kf7 70. Kf5 Rb6 71. g5 Ra6 72. Nc5 Rc6 73. Nd3 Rd6 74. Nf4 Kg7 75. g6 Rf6+ 76. Kg5 Ra6 77. Re7+ Kf8 78. Re6 Ra5+ 79. Kf6 Ra7 80. Nh5 Ra8 81. g7+ Kg8 82. Kg6 Rf8 1-0